000 00631nam a22001937a 4500
003 0
005 20231106122754.0
008 231106b xxu||||| |||| 00| 0 eng d
020 _a978-621-427-112-2
050 _aHM 101
_b.M46 2022
100 _aMendoza, Ernesto H.
245 _aUnderstanding culture, society, and politics.
_c Ernesto H. Mendoza
250 _aSecond edition
260 _aManila
_bUnlimited Books Library Services & Publishing Inc.
_cc2022.
300 _axiv, 313 pages ;
_c25 cm.
504 _aIncludes bibliographical references.
650 _aCulture, society, politics--Textbook.
942 _2lcc
_cBK
999 _c365572
_d365572